000120571 001__ 120571
000120571 005__ 20221220103618.0
000120571 037__ $$aTAZ-TFG-2022-2681
000120571 041__ $$aspa
000120571 1001_ $$aGil Hernández, Víctor
000120571 24200 $$aStudy on the ergogenic effect of caffeine supplementation in water polo players and the relationship with performance in intermittent efforts
000120571 24500 $$aEstudio sobre el efecto ergogénico de la suplementación con cafeína en jugadores de waterpolo y la relación con el rendimiento en esfuerzos intermitentes
000120571 260__ $$aZaragoza$$bUniversidad de Zaragoza$$c2022
000120571 506__ $$aby-nc-sa$$bCreative Commons$$c3.0$$uhttp://creativecommons.org/licenses/by-nc-sa/3.0/
000120571 520__ $$aEl waterpolo moderno requiere unos niveles altos de preparación física y una alta capacidad de resistencia a los esfuerzos intermitentes. Además, el uso de sustancias legales y ergogénicas está a la orden del día, entre ellas la cafeína como herramienta de mejora del rendimiento. El presente artículo busca esclarecer la incertidumbre sobre la cafeína en deportistas de modalidades de equipo mediante la suplementación con cafeína y la realización de una prueba de capacidad de repetición de esprints (8x25 metros). El estudio de tipo doble ciego cruzado compara los resultados de la prueba bajo los efectos de la cafeína y del placebo para determinar si realmente hay una mejora en el rendimiento y si esta es significativa. Se obtienen mediciones de los atletas (jugadores de waterpolo de nivel nacional) en cuanto a percepción de fatiga, frecuencia cardiaca y marca de tiempo en la prueba.<br /><br />
000120571 521__ $$aGraduado en Ciencias de la Actividad Física y del Deporte
000120571 540__ $$aDerechos regulados por licencia Creative Commons
000120571 700__ $$aMurillo Lorente, Víctor$$edir.
000120571 7102_ $$aUniversidad de Zaragoza$$bFisiatría y Enfermería$$cEducación Física y Deportiva
000120571 8560_ $$f775882@unizar.es
000120571 8564_ $$s514169$$uhttps://zaguan.unizar.es/record/120571/files/TAZ-TFG-2022-2681.pdf$$yMemoria (spa)
000120571 909CO $$ooai:zaguan.unizar.es:120571$$pdriver$$ptrabajos-fin-grado
000120571 950__ $$a
000120571 951__ $$adeposita:2022-12-20
000120571 980__ $$aTAZ$$bTFG$$cFCSHUES
000120571 999__ $$a20220624162447.CREATION_DATE